| 000 | 01101cam a2200217 4500 | ||
|---|---|---|---|
| 001 | WB3926-15 | ||
| 008 | 030709n2003 000 0 eng u | ||
| 035 | _a(Sirsi) u122968 | ||
| 245 | 4 | _aThe future of the built environment professions | |
| 260 | _c2003 | ||
| 490 | _aRIBA Press Release | ||
| 520 | _aBuilding Futures, a joint CABE and RIBA initiative, has published a new study "The professionals' choice: the future of the built environment", which examines the pressures that the construction industry professions currently face and investigates possible alternative futures. It sets out the challenges to the professionals, their professional bodies and the educators of the next generation. The report is available from http://www.buildingfutures.org.uk . http://www.riba.org/go/RIBA/News/Press_2704.html. | ||
| 590 | _aWB | ||
| 650 | _aBUILT ENVIRONMENT | ||
| 650 | _aCONSTRUCTION INDUSTRY | ||
| 650 | _aPROFESSIONAL BODIES | ||
| 650 | _aPROFESSIONAL EDUCATION AND TRAINING | ||
| 650 | _aARCHITECTS | ||
| 690 | _aMANAGEMENT-BUSINESS MANAGEMENT-PROFESSIONAL PRACTICE | ||
| 942 | _n0 | ||
| 999 |
_c73019 _d73019 |
||